zpět

Detail výsledku týmu

Pivnice Zahrada, Ostrava

Datum a čas kvízu

18.5 Celkem bodů Celkový počet nahraných bodů na tomto kvízu bez doplňovacích otázek.
14. Pořadí na kvízu Konečné umístění týmu na tomto kvízu.

Zaznamenané odpovědi

# Otázka Odpověď Body Výsledky
1. V sobotu začal na pražském Výs... Matějská pouť 0
2. V úterý se v metropoli jedné b... v Rijádu 0
3. Minulý týden jsme se dozvěděli... Post Malone 1
4. Vedení sítě provozoven rychléh... Kentucky 1
5. V české fotbalové reprezentaci... Buffon 1
6. Nyní se od aktualit přesuneme... 1D 2B 3C 4A 1
7. Uveďte odborný název pro skupi... ichtyosauři 0
8. Přibližně takto mohl vypadat j... o velociraptora 0
9. Americký spisovatel a scenáris... Michael Crichton 0
10. Na fotce vidíme mumii a rekons... Ötzi 0